Islam Makhckev's UFC career - Statistics

General Stats
  • This quiz has been taken 113 times
  • The average score is 7 of 16
Answer Stats
Hint Answer % Correct
15. June 1, 2024 win by submision (brabo choke) at minute 2:42 of the fifth round. Dustin Poirier
93%
12. October 22, 2022 win by submision (arm-triangle choke) at minute 3:16 of the second round. Charles Oliveira
91%
14. October 21, 2023 win by KO at minute 3:06 of the first round. Alexander Volkanovski
89%
13. February 12, 2023 win by unanimous decision. Alexander Volkanovski
89%
11. February 26, 2022 win by TKO at minute 3:23 of the first round. Bobby Green
70%
10. October 30, 2021 win by submision (kimura) at minute 2:25 of the first round. Dan Hooker
65%
6. April 20, 2019 win by unanimous decision. Arman Tsarukyan
61%
1. October 3, 2015 loss by KO in minute 1:46 of the first round. Adriano Martins
46%
8. March 6, 2021 win by submision (arm-triangle choke) at minute 1:37 of the tri round. Drew Dober
37%
4. January 20, 2018 win by KO at minute 0:57 of the first round. Gleison Tibau
27%
9. July 17, 2021 win by submision (rear-naked choke) at minute 2:38 of the fourth round. Thiago Moisés
26%
5. July 28, 2018 win by submision (armbar) at minute 4:43 of the first round. Kajan Johnson
10%
3. February 11, 2017 win by unanimos decision. Nik Lentz
10%
2. September 17, 2016 win by unanimous decision. Chris Wade
7%
7. September 7, 2019 win by unanimous decision. Davi Ramos
7%
1. May 25, 2015 win by submision (armbar) at minute 2:38 of the second round. Leo Kuntz
5%
No matching quizzes found
Score Distribution
Percent of People with Each Score
Percentile by Number Answered
Your Score History
You have not taken this quiz